000 00808nam a2200205Ia 4500
005 20241129110208.0
008 241129s9999||||xx |||||||||||||| ||und||
037 _aTB
040 _aARTS
_bhin
_cARTS
041 _ahin
_2hin
084 _aO152,390,PS Q3
_qARTS
100 _aगुरूदत्त, ले.
245 0 _aपरित्राणाय साधूनाम्: अवतरण सम्भवामि युगे युगे विनाशाय च दुष्टताम्
_cगुरूदत्त, ले.
260 _aनई दिल्ली, भारत
_bहिन्दी साहित्य सदन
_c1988
300 _a844पृ0
365 _aINR
_b700
650 _aHindi Fiction
942 _cTB
_hO152,390,PS Q3
999 _c1227678
_d1227678